000 00710nam a2200241 a 4500
003 SISC
005 20170117082948.0
008 090304s19uu xx 00 eng d
020 _a9780071263207
050 _aHD 30.22
_b.B38 2009
100 _aBaye, Michael R.
245 _aManagerial economics and business strategy /
_cMichael R. Baye.
250 _a6th edition.
260 _aBoston, U.S.A :
_bMcGraw-Hill,
_c2009.
300 _axxxii, 623 pages :
_c26 cm.
_billustrations ;
500 _aIncludes bibliographical references and index.
650 _aBSBA.
650 _aManagerial economics.
650 _aStrategic planning.
942 _cBK
_2lcc
_kFOR
999 _c23451
_d23451